00303nam a2200121Ia 4500008004100000041000900041082002000050100002200070245003200092260004100124300000800165650000800173230718s9999 xx 000 0 und d aEng. a349.5491bSUL-M asultan mehmod dar 0amannaul and anti curreption aPakistanbimran law book housec2020 a626 aLaw